| 000 | 00871nam a22001937a 4500 | ||
|---|---|---|---|
| 005 | 20240724233206.0 | ||
| 008 | s2532 th tha d | ||
| 041 | _atha | ||
| 050 |
_aJQ1745.A2.C42 _bจ225ห 2532 |
||
| 100 | 0 | _aจักรพันธุ์ วงษ์บูรณาวาทย์ | |
| 245 | 1 | 0 | _aหกเดือนรัฐบาลชาติชาย |
| 260 | 3 |
_aเชียงใหม่ : _bภาควิชารัฐศาสตร์ คณะสังคมศาสตร์ มหาวิทยาลัยเชียงใหม่, _c2532 |
|
| 300 |
_a114 หน้า : _bตาราง ; _c 27 ซม. |
||
| 650 | 0 | 4 | _aรัฐบาล (พลเอกชาติชาย ชุณหะวัณ) -- 2532 |
| 850 | _aNALT | ||
| 942 | _cRSH | ||
| 997 | _c000000000027110 | ||
| 998 | _aNisa Luangthongkum | ||
| 999 |
_c27110 _d27110 |
||